000 01301nac a22002771ib4500
003 EG-ScBUE
005 20250320101301.0
008 250312s1990 ii a f 000 0 eng d
020 _a8170080541
040 _aEG-ScBUE
_beng
_erda
_cEG-ScBUE
_dEG-ScBUE
082 0 4 _a526.9
_bPUN
_222
100 1 _aPunmia, B. C.,
_eauthor.
245 1 0 _aSurveying.
_nvolume 3,
_pfield astronomy, photogrammetric surveying, electromagnetic distance measurement (EDM) /
_cby Dr. B. C. Punmia, B.E. (Homs.), M.E. (Hons.), Ph.D., formerly, professor and head, department of civil engineering & dean, faculty of engineering, J.N.V. university, Jodhpur, Ashok Kumar Jain, consulting engineering, Arihant consultants, Mumbai, Arun Kumar Jain, assistant professor of civil engineering, M.B.M. engineering college, Jodhpur.
250 _aNinth edition.
264 1 _aDaryaganj, New Delhi :
_bLaxmi Publications (P) Ltd.,
_c1990.
300 _a1 volume (viii, 352 pages) :
_billustrations (some color) ;
_c24 cm
336 _2rdacontent
_atext
_btxt
337 _aunmediated
_2rdamedia
_bn
338 _avolume
_bnc
_2rdacarrier
500 _aIncludes appendix.
650 7 _aSurveying.
_2BUEsh
655 _vReading book
700 1 _aJain, Arun Kumar,
_eauthor.
700 1 _aJain, Ashok Kumar,
_eauthor.
942 _cBB
_2ddc
999 _c1344
_d1344